|
|
|
|
| LEADER |
00000nam a2200000 a 4500 |
| 001 |
vtls001285721 |
| 003 |
SK-MaSNL |
| 005 |
20260301155342.0 |
| 008 |
251124s1995 HU 0 hun |
| 020 |
|
|
|a 963 201 3247
|c [112,50]
|
| 035 |
|
|
|a SNK000237253
|
| 040 |
|
|
|a SNK
|b slo
|c SNK
|e AACR2
|
| 044 |
|
|
|a HU
|
| 080 |
|
|
|a 026/027(082)
|2 1981
|
| 245 |
1 |
|
|a A könyvtár szociális funkciója
|b (tanulmánygyűjtemény)
|c [szerkesztették: Arnóth Károly, Vidra Szabó Ferenc]
|
| 260 |
|
|
|a Budapest
|b Országos Széchényi Könyvtár
|c 1995
|
| 300 |
|
|
|a 179 s.
|c 24 cm
|
| 650 |
0 |
7 |
|a knižnice
|2 SNKPH
|9 17965
|
| 655 |
|
7 |
|a zborníky
|2 SNKPH
|9 70165
|
| 700 |
1 |
|
|a Arnóth, Károly
|4 upr
|9 519482
|
| 700 |
1 |
|
|a Vidra Szabó, Ferenc,
|d 1948-
|4 upr
|9 387300
|
| 919 |
|
|
|a 963 201 3247
|
| 999 |
|
|
|c 800608
|d 802538
|
| 952 |
|
|
|t P60, <04>, [BOOK], {604}
|a SNK
|b SNK
|y VYP
|7 0
|p 17A0062953
|o snkIC 126496
|i snkV 1039/97
|0 0
|1 0
|4 0
|d 1997-05-06
|l 0
|r 2005-01-02 00:00:00
|w 2026-02-24
|